| 000 | 00558nam a22001817a 4500 | ||
|---|---|---|---|
| 005 | 20170519141226.0 | ||
| 010 | _aENG-118263 | ||
| 020 |
_a9788172132897 _c595.00 |
||
| 035 | _aEN-101795 | ||
| 037 | _bDBAD/PUB | ||
| 082 | _a330.95451 | ||
| 100 | _aHazarika, Prafulla | ||
| 245 |
_aEconomic issues of aasam / _cby Prafulla Hazarika |
||
| 260 |
_aGuwahati _bPurbanchal Prakash _c2016 |
||
| 270 | _aH.No.-2, Sewjee Path, Dr. B.N. Saikia Path, Wireless, Guwahati-781006 | ||
| 300 |
_a190p _c23cm.(Hb) |
||
| 942 |
_2ddc _cEN _h330.95451 _mHAZ |
||
| 999 |
_c140138 _d140138 |
||